000 nam a22 7a 4500
999 _c9022
_d9022
008 180122b ||||| |||| 00| 0 eng d
100 _aGupta. R. G
_95319
245 _aCompositive mathematics
260 _aNew Delhi
_bArya Publication
_c2009